Nội chiên Mỹ 1861 - 1865 và những tác động của nó lên nước Mỹ thới hậu chiến /

Khai quat ve noi chien My 1861-1865

Đã lưu trong:
書目詳細資料
主要作者: Trương Tấn Minh
其他作者: TS.Nguyen Văn Long huong dan
格式: Luận văn
語言:Vietnamese
出版: ĐHĐN-Trương ĐH ngoai ngữ, 2013.
主題:
標簽: 添加標簽
沒有標簽, 成為第一個標記此記錄!
Thư viện lưu trữ: Mạng thư viện Đại học Đà Nẵng
LEADER 01642na a2200373 4500
001 000031296
003 5935
005 20230412103523.0
008 151001s2013 000 vie
040 |a LNN 
041 |a vie 
082 |a 959.79737  |b TR-M 
100 |a Trương Tấn Minh 
245 0 |a Nội chiên Mỹ 1861 - 1865 và những tác động của nó lên nước Mỹ thới hậu chiến /  |c Trương Tấn Minh. 
246 |a Luan văn tot nghiep 
260 |b ĐHĐN-Trương ĐH ngoai ngữ,  |c 2013. 
300 |a 30cm :  |b 69 tr;. 
502 |a Luan văn sinh vien 
505 |a Chuyen nghanh Quoc te hoc 
520 |a Khai quat ve noi chien My 1861-1865  |x Nhưng tac đong cưa noi chien My len chinh tri kinh te va xa hoi nươc My thơi hau chien  |y Nhưng tac đong cua noi chien len nen khoa hoc ky thuat My thơi hau chien  |z Van đe chung toc ơ nươc My sau noi chien 1861-1865 
650 |a Noi chien My  |b Anh hương nen kinh te,chinh tri xa hoi  |c Nươc My 
653 |a Trương Tấn Minh, 2013, nội chiến, nội chiến mỹ, mỹ 
700 |a TS.Nguyen Văn Long  |b huong dan 
852 |b Luan văn tot nghiep  |c Khoa Quoc te hoc 
OWN |a LNN 
AVA |a UDN50  |b LNN  |d 959.79737 TR-M  |e available  |t Error 5001 Not defined in file expand_doc_bib_avail.  |f 3  |g 0  |h N  |i 0 
999 |a From the UDN01 
AVA |a UDN50  |b LNN  |d 959.79737 TR-M  |e available  |t Error 5001 Not defined in file expand_doc_bib_avail.  |f 3  |g 0  |h N  |i 0 
TYP |a Dissertation 
TYP |a Printed language 
980 |a Mạng thư viện Đại học Đà Nẵng